Nueva historia de las ideas políticas
Saved in:
| Hovedforfatter: | |
|---|---|
| Format: | Bog |
| Sprog: | spansk |
| Udgivet: |
Madrid
Mondadori
1992
|
| Serier: | Biblioteca Mondadori, 32
|
| Fag: | |
| Tags: |
Tilføj Tag
Ingen Tags, Vær først til at tagge denne postø!
|
MARC
| LEADER | 00000nam a2200000 a 4500 | ||
|---|---|---|---|
| 001 | UCM3835 | ||
| 003 | CL-VaPUC | ||
| 008 | 020719e19920000SP |||||||||||||||||spa|d | ||
| 082 | 0 | 4 | |a 320.5 |b ORY |2 21 |
| 100 | |a Ory, Pascal |e autor |9 523288 | ||
| 245 | 1 | 0 | |a Nueva historia de las ideas políticas |
| 300 | |a 483 p | ||
| 942 | |c BK | ||
| 945 | |d 20020719 00:00:00 |a cmena | ||
| 260 | |a Madrid |b Mondadori |c 1992 | ||
| 650 | 0 | |a Ideologías políticas |9 255735 | |
| 650 | 0 | |a Historia política |9 256974 | |
| 650 | 7 | |a FILOSOFIA POLITICA |2 CL-VaPUC |9 470452 | |
| 650 | 0 | |a Partidos políticos |9 254999 | |
| 583 | |a last modification |c 20020719 00:00:00 |k Rodrigo Vera | ||
| 490 | 0 | |a Biblioteca Mondadori, 32 | |
| 999 | |c 300899 |d 300897 | ||
| 952 | |0 0 |1 0 |4 0 |6 320_500000000000000_ORY_1992 |7 0 |8 A |9 359291 |a BIBHIS |b BIBHIS |d 2019-11-21 |i 3826414 |o 320.5 ORY 1992 |p 3826414 |r 2025-01-20 |w 2019-11-21 |y BK |k HIS | ||